MDQL
is popping MORE tags! Check the
thread
!
Quizzes
Events
Quiz Creation
Community
Videos
Private Events
Remove Ads
Sign In
Join for FREE
Feedback
Dark Mode
Quiz Categories
Sports
Geography
Music
Movies
Television
Just For Fun
Miscellaneous
History
Literature
Language
Science
Gaming
Entertainment
Religion
Holiday
For Kids
Quiz Lab
Recent
Popular Today
Quiz Kudos Today
Editor Picks
Curator Picks
Quizzes by...
Day
Popularity
Type
Ratings
Length
Year
Community
Subscriptions
Recent Discussions
Orange Saloon
Badges
Playlists
Quests
Create
Leaderboards
Showdown
Live 5
Trivia Bingo
Activity
Puzzle Library
Sporcle Events
Private Events
Virtual Trivia
Globe League
Become a Host
Pub Owners
SporcleCon
Opinionation
Our Games
Videos
Blog
Mobile Apps
Partnerships
Remove Ads and Go Orange
Feedback
Entertainment
Celebrity
Famous
Musical
Broadway
Show
Quote
Comic Books
Anime
Superhero
DC Comics
Marvel
Cartoons
Animation
Entertainment
Celebrity
Famous
Musical
Broadway
Show
Quote
Comic Books
Anime
Superhero
DC Comics
Marvel
Cartoons
Animation
Random Quiz
Search Sporcle
×
Quiz Lab
Quiz Lab
Entertainment
Anime
Type answers based on single images at one time
Type answers based on single images at one time
Slideshow
Best Score? Go Orange.
All Fairy Tail Female characters Stats
Can you name the all Fairy Tail Female characters?
By
Ceciliee
15m
69 Questions
1,469 Plays
1,469 Plays
1,469 Plays
Comments
Comments
Give Quiz Kudos
Give Quiz Kudos
-
- Ratings
hide this ad
Replay
Link that replays current quiz
Next Quiz
Link to next quiz in quiz playlist
You Got
0%
They Got
Avg Score
40%
Avg Friend Score
Upgrade to see
Score Distribution
Jump to the score distribution portion of the page
Score
0/69
Timer
15:00
0
Plays Today
% Correct
Lucy Heartfilia
99.3%
Erza Scarlet
93.1%
Juvia Lockser
90.5%
Wendy Marvel
90%
Mavis Vermillon
88.7%
Mirajane Strauss
84.4%
Cana Alberona
83%
Levy McGarden
81.6%
Lisanna Strauss
80.5%
Carla
79.6%
Evergreen
79.2%
Bisca Connell
73.8%
Asuka Connell
61%
Laki Oliette
58.5%
Kinana
56.4%
Virgo
51.9%
Sherry Blendy
51.5%
Minerva Orland
51.3%
Sorano - Angel
51.2%
Yukino Agria
51.1%
Kagura Mikazuchi
51.1%
Aries
49.1%
Libra
49%
Jenny Realight
48.1%
Ur
47.6%
Aquarius
47.5%
Porlyusica
46.9%
Flare Corona
44.6%
Millianna
44.1%
Meredy
43.9%
Layla Heartfilia
43.3%
Karen Lilica
42.8%
Coco
37.6%
Erza Knightwalker
37%
Zera
35.4%
% Correct
Hisui E. Fiore
35.1%
Imitatia
33.9%
Lyra
31.6%
Ultear Milkovitch
31.2%
Anna Heartfilia
29%
Lucy Ashley
28.6%
Kyoka
27.6%
Beth Vanderwood
26.8%
Irene Belserion
26.7%
Risley Law
26.4%
Grandeeney
26.2%
Arana Webb
25.7%
Mary Hughens
25.7%
Seilah
24.6%
Sheria Blendy
24.5%
Daphne
23.6%
Cosmos
21.3%
Chico C. Hammitt
20.8%
Shagotte
20.2%
Ikaruga
19.9%
Sue
17.2%
Lamy
17.1%
Kamika
15.1%
Enno
14.4%
Marl
13.8%
Mickey Chickentiger
12.5%
Mary
11.9%
Belno
10.9%
Briar
10.8%
Aceto
9.3%
Lulu
9%
Mattan Ginger
8.5%
Katja
8.1%
Belletokia
5.5%
Quiz Playlist
Details
Report
Send in Message
Add To Playlist
Slideshow:
Type answers based on single images at one time
Last Updated: Jun 10, 2019
Quiz Scoreboard
CHALLENGE
Sign Up to Join the Scoreboard
Show All
Scores
Hide
Comments
May contain spoilers
Recently Published
Image Sorting: Flags VI
by Barbecue
Geography
2m
Find the 'City' Movie
by crazypaving
Movies
60s
Colored Red Africa Blitz
by spor1
Geography
45s
More to Explore
Quiz From the Vault
Featured Blog Post
14 Easter Pick-up Lines to Find Eggs With
hide this ad
You Might Also Like...
Tags
Anime Quiz
Fairy Tale
female
Today's Top Quizzes in Entertainment
Browse Entertainment
hide this ad
Today's Top Quizzes in Anime
Browse Anime
Top Contributed Quizzes in Entertainment
1
Marvel Classic Character Map
2
Dragon Ball Z: Goku's Fights in Order
3
Marvel Characters Bunker
4
JoJo's Bizarre Logic Quiz
5
This is Your Life: Edward Elric
6
Celebrity Spelling Bee
7
This is Your Life: Itachi Uchiha
8
BOYS PLANET Quiz
9
Sorting Pictures: Villains
10
One Piece Heroines Chapter Cover
Explore More
Trending Topics
NBA
Marvel
Anime
Kpop
Harry Potter
Crossword
Disney
The Office
Soccer
WWE
Song
Puzzle
NFL
Country
Pokémon
hide this ad
More By:
Ceciliee
Quiz
Plays
Rating
Category
Featured
Created
All Fairy Tail Female characters
1,469
3.60
Entertainment
Jan 16, 2017
One Piece Girl quiz
787
2.67
Television
Jul 3, 2018
Disney Silhuette character quiz
77
4.00
Movies
Jun 10, 2019
Go to Creator's Profile
Score Distribution
Quiz Creator Spotlight
Ceciliee
Follow
Send a Message
Quizzes Created
-
Created Quiz Play Count
-
More By This Creator
Popular Quizzes Today
1
Colored Red Africa Blitz
2
Find the US States - No Outlines Minefield
3
Find the 'City' Movie
4
5x2 Blitz: Bands
5
The Countries of the World
6
Find the US States
7
Find the Countries of Europe - No Outlines Minefield
8
US States
More Entertainment Quizzes
Paris Hilton or Donald Trump
Quiz Lab
Trending Quizzes
Colored Red Europe Blitz I
Colored Red Europe Blitz II
Colored Red Africa Blitz II
Colored Red Europe Blitz III
Colored Red Africa Blitz III
Recently Updated
How Do You Spell That?
pecheneg
Godzilla Movies
pecheneg
Grab Bag: 4-10 Letters
pecheneg
2024 March Madness Bracket
pecheneg
Famous TV Couples
Peacemaker
Champions League XIs: Real Madrid
pecheneg
Largest US Cities 1790-2010
pecheneg
Rides in Walt Disney World
pecheneg
Most Oscar Losses (Acting)
pecheneg
Beyoncé Albums
pecheneg
Trending Topics
Disney
Crossword
NBA
Anime
Marvel
Kpop
Harry Potter
WWE
NFL
Puzzle
Country
Soccer
Song
Pokémon
The Office
Your Account Isn't Verified!
In order to create a playlist on Sporcle, you need to verify the email address you used during registration. Go to your
Sporcle Settings
to finish the process.
Report this User
Report this user for behavior that violates our
Community Guidelines
.
Details:
Send Report
Go to the Sporcle.com Mobile Site →
Comments